Wunderhorse - Purple Lyrics - Statistics

General Stats
  • This quiz has been taken 57 times
  • The average score is 149 of 197
Answer Stats
Answer % Correct
a
100%
purple
100%
she
100%
and
97%
And
97%
her
97%
the
97%
anger
92%
dreams
92%
no
92%
around
87%
temple
87%
I
85%
noticed
85%
roses
85%
to
85%
at
82%
be
82%
circles
82%
do
82%
gun
82%
in
82%
Scarlet
82%
you
82%
You
82%
nobody's
79%
tonight
79%
crazy
77%
grow
77%
lonely
77%
louder
77%
need
74%
one
74%
there's
74%
always
72%
care
72%
don't
72%
door
72%
drinkin'
72%
explodin'
72%
Green
72%
hey
72%
seems
72%
can
69%
Dad's
69%
eyes
69%
floor
69%
house
69%
is
69%
kitchen
69%
listenin'
69%
go
64%
long
64%
This
64%
heart
62%
yeah
62%
Yeah
62%
my
59%
nowhere
59%
crowd
56%
half
56%
here
56%
home
56%
it
56%
nights
56%
pacin'
56%
with
56%
for
54%
cryin'
51%
face
51%
beauty
49%
like
49%
turn
49%
up
49%
away
46%
dancer
46%
fill
46%
smile
46%
style
46%
take
46%
fire
44%
from
44%
ground
44%
never
44%
(never)
44%
Rise
44%
your
44%
fury
38%
grace
38%
they
36%
No matching quizzes found
Score Distribution
Percent of People with Each Score
Percentile by Number Answered
Your Score History
You have not taken this quiz